000 00564nam a2200241Ia 4500
003 OSt
005 20220918191842.0
006 a|||||r|||| 00| 0
007 ta
008 220917b |||||||| |||| 00| 0 eng d
024 _a65,385
037 _cTextual
040 _aARTS
_cARTS
_beng
041 _2eng
_aeng
082 _aR19, J4;1
100 _aRyle Gilbert
245 0 _aDilemmas
260 _c1954
490 _aTarner Lectures 1953
650 _aPHILOSOPHY
942 _hR19, J4;1
_cTEXL
_2CC
999 _c191628
_d191628